Apuntes sobre Ferran Sors y la creación romántica en la España de Goya / (Record no. 10153)

MARC details
000 -LEADER
campo de control de longitud fija 00676nam a2200229 i 4500
001 - NÚMERO DE CONTROL
campo de control 10153
003 - IDENTIFICADOR DE NÚMERO DE CONTROL
campo de control ES-MaACL
005 - FECHA Y HORA DE LA ÚLTIMA TRANSACCIÓN
campo de control 20230906145829.0
007 - CAMPO FIJO DE DESCRIPCIÓN FÍSICA--INFORMACIÓN GENERAL
campo de control de longitud fija t|
008 - DATOS DE LONGITUD FIJA--INFORMACIÓN GENERAL
campo de control de longitud fija 950313s1993 sp ||||1| spa d
020 ## - NÚMERO INTERNACIONAL ESTÁNDAR DEL LIBRO
Número Internacional Estándar del Libro 84-7584-235-6
080 ## - NÚMERO DE LA CLASIFICACIÓN DECIMAL UNIVERSAL
Número de la Clasificación Decimal Universal 78(46)"1778/1839"
080 ## - NÚMERO DE LA CLASIFICACIÓN DECIMAL UNIVERSAL
Número de la Clasificación Decimal Universal 92 Sors, Ferran
080 ## - NÚMERO DE LA CLASIFICACIÓN DECIMAL UNIVERSAL
Número de la Clasificación Decimal Universal 7 Sors, Ferran
100 1# - ENTRADA PRINCIPAL--NOMBRE DE PERSONA
Nombre de persona Olcina Aya, Emilio.
9 (RLIN) 86687
245 10 - MENCIÓN DEL TÍTULO
Título Apuntes sobre Ferran Sors y la creación romántica en la España de Goya /
Mención de responsabilidad, etc. Emili Olcina.
260 ## - PUBLICACIÓN, DISTRIBUCIÓN, ETC.
Lugar de publicación, distribución, etc. Barcelona :
Nombre del editor, distribuidor, etc. Laertes,
Fecha de publicación, distribución, etc. D.L. 1993.
300 ## - DESCRIPCIÓN FÍSICA
Extensión 125 p. ;
Dimensiones 20 cm.
500 ## - NOTA GENERAL
Nota general Indice.
600 14 - PUNTO DE ACCESO ADICIONAL DE MATERIA--NOMBRE DE PERSONA
Nombre de persona Sors, Ferran-
Subdivisión general Biografías.
9 (RLIN) 107428
852 ## - LOCALIZACIÓN
Ubicación ES-MaACL
Número de control de estantería L-17708
Sublocalización o colección R.123300
Holdings
Estatus retirado Estado de pérdida Estado de daño No para préstamo Biblioteca de origen Biblioteca actual Ubicación en estantería Fecha de adquisición Fuente de adquisición Total de préstamos Signatura topográfica completa Código de barras Visto por última vez Precio de reemplazo Tipo de ítem Koha
        Biblioteca del Ateneo de Madrid Biblioteca del Ateneo de Madrid Depósito 2 17/01/2008     L-17708 1010362 23/02/2023 23/02/2023 Libro impreso